00467nam a22001577a 450000500170000000800410001704000070005804100120006508200180007710000360009524500460013126000460017730000330022365000170025670000360027320221216091209.0221216b ||||| |||| 00| 0 eng d cAL aEnglish 223a331bINTC aInternational Labour Conference aConventions and Recommendations 1919-1949 aGenevabInternational Labour Officec1949 axvi, 924 p.bHBc24.3x16 cm. aConventions  aINTERNATIONAL LABOUR CONFERENCE